ბათუმის შოთა რუსთაველის სახელმწიფო უნივერსიტეტის ბიბლიოთეკა

ICI 1 Methode de francais A1 +CD / (ბიბ.ჩანაწერი № 55365)

000 -LEADER
fixed length control field 00764nam a2200253Ia 4500
001 - CONTROL NUMBER
control field 22443
003 - CONTROL NUMBER IDENTIFIER
control field GE_BSU
005 - DATE AND TIME OF LATEST TRANSACTION
control field 20230310165857.0
008 - FIXED-LENGTH DATA ELEMENTS--GENERAL INFORMATION
fixed length control field 181216s2008||||fr |||||||||||||| ||fre||
020 ## - INTERNATIONAL STANDARD BOOK NUMBER
International Standard Book Number 9782090353136
040 ## - CATALOGING SOURCE
Transcribing agency GE_BSU
041 ## - LANGUAGE CODE
Language code of text/sound track or separate title fr
080 ## - UNIVERSAL DECIMAL CLASSIFICATION NUMBER
Universal Decimal Classification number 811.133.1(076) I-33
245 ## - TITLE STATEMENT
Title ICI 1 Methode de francais A1 +CD /
Statement of responsibility, etc. D. Abry, Y.Daas, C.Fert, ... ; Edition Virginie Poitrasson.
264 ## - PRODUCTION, PUBLICATION, DISTRIBUTION, MANUFACTURE, AND COPYRIGHT NOTICE
Place of production, publication, distribution, manufacture Paris :
Name of producer, publisher, distributor, manufacturer CLE International,
Date of production, publication, distribution, manufacture, or copyright notice 2008.
300 ## - PHYSICAL DESCRIPTION
Extent 127 p. :
Other physical details ill. ;
Dimensions 29 cm.
300 ## - PHYSICAL DESCRIPTION
Accompanying material +1CD
653 ## - INDEX TERM--UNCONTROLLED
keyword ICI 1 Methode de francais A1 +CD
653 ## - INDEX TERM--UNCONTROLLED
keyword Французский язык
653 ## - INDEX TERM--UNCONTROLLED
keyword ფრანგული ენა
700 ## - ADDED ENTRY--PERSONAL NAME
Personal name Poitrasson, Virginie
Titles and other words associated with a name Edition
9 (RLIN) 12727
942 ## - ADDED ENTRY ELEMENTS (KOHA)
Koha item type წიგნი
Source of classification or shelving scheme
ეგზემპლარები
Withdrawn status Lost status Source of classification or shelving scheme Damaged status Not for loan Permanent Location Current Location Shelving location Date acquired Cost, normal purchase price Full call number Barcode Date last seen Copy number Price effective from Koha item type Public note
          ბათუმის შოთა რუსთაველის სახელმწიფო უნივერსიტეტის მთავარი ბიბლიოთეკა ბათუმის შოთა რუსთაველის სახელმწიფო უნივერსიტეტის მთავარი ბიბლიოთეკა წიგნსაცავი 2018-12-17 111.60 811.133.1(076) I-33 57573 2018-12-17 57573 2018-12-17 წიგნი 111.60 GEL.
          ბათუმის შოთა რუსთაველის სახელმწიფო უნივერსიტეტის მთავარი ბიბლიოთეკა ბათუმის შოთა რუსთაველის სახელმწიფო უნივერსიტეტის მთავარი ბიბლიოთეკა წიგნსაცავი 2018-12-17 111.60 811.133.1(076) I-33 57574 2018-12-17 57574 2018-12-17 წიგნი 111.60 GEL.
          ბათუმის შოთა რუსთაველის სახელმწიფო უნივერსიტეტის მთავარი ბიბლიოთეკა ბათუმის შოთა რუსთაველის სახელმწიფო უნივერსიტეტის მთავარი ბიბლიოთეკა წიგნსაცავი 2018-12-17 111.60 811.133.1(076) I-33 57575 2018-12-17 57575 2018-12-17 წიგნი 111.60 GEL.
          ბათუმის შოთა რუსთაველის სახელმწიფო უნივერსიტეტის მთავარი ბიბლიოთეკა ბათუმის შოთა რუსთაველის სახელმწიფო უნივერსიტეტის მთავარი ბიბლიოთეკა წიგნსაცავი 2018-12-17 111.60 811.133.1(076) I-33 57576 2018-12-17 57576 2018-12-17 წიგნი 111.60 GEL.
          ბათუმის შოთა რუსთაველის სახელმწიფო უნივერსიტეტის მთავარი ბიბლიოთეკა ბათუმის შოთა რუსთაველის სახელმწიფო უნივერსიტეტის მთავარი ბიბლიოთეკა წიგნსაცავი 2018-12-17 111.60 811.133.1(076) I-33 57577 2018-12-17 57577 2018-12-17 წიგნი 111.60 GEL.